00326pab a2200133 454500008004000000100002100040245004300061260000900104300001300113362000800126650001100134700001800145773002900163180718b2004 xxu||||| |||| 00| 0 eng d aHittalmani, S.V. aHalakki Vokkalu: a tribe in transition c2004 ap.42-45. aMar aTribes aGurav, Kaveri aTribal Research Bulletin